Statistics for Capitals Of Countries That Begin With 'E'

Click here to take the quiz!

General Stats

  • This quiz has been taken 8 times
  • The average score is 8 of 9

Answer Stats

Answer% Correct
Cairo(Egypt)
100%
Asmara(Eritrea)
100%
Dili(East Timor)
100%
Tallinn(Estonia)
100%
Addis Ababa(Ethiopia)
100%
Quito(Ecuador)
100%
San Salvador(El Salvador)
100%
Mbabane(ESwatini)
57%
Malabo(Equatorial Guinea)
29%

Score Distribution

Percentile by Number Answered

Percent of People with Each Score

Your Score History

You have not taken this quiz